000 00733nam a2200289Ia 4500
005 20260324111543.0
008 008 260324s9999 xx 000 0 eng d
020 _a9781003592266
037 _aEBOOK
040 _aCRL
040 _beng
040 _cCRL
041 _2eng
041 _aeng
084 _qCRL
100 _aSurabhi Srivastava; Ruchika Kulshrestha
_91139040
245 0 _aDynamics of Heritage Management and Tourism Development
245 0 _bTrends, Practices, and Approaches
260 _bTaylor and Francis
260 _c2025
365 _a
365 _b320
856 _uhttp://www.taylorfrancis.com/books/9781003592266
942 _cEBOOK
999 _c1727906
_d1727906